000 00845nam a2200169 4500
999 _c4112
_d4112
020 _a0863771386
022 _a086377136x
050 _aBF1121
100 _a Ilona Roth
245 _aThe Open University's introduction to psychology. Vol. 1
_c edited by Ilona Roth.
260 _aLondon :
_b Erlbaum in association with the Open University,
_c1990.
300 _aviii, 472, ix-xvip :
_b illustrations ;
_c 26 cm
505 _aWhat is psychology?; the developing person; the self and the social world; the development of children's understanding; psychodynamics - the Freudian approach; the foundations of behaviour; biological perspectives; behaviourism and its consequences; individual diversity; aspects of intelligence; dimensions of personality; humanistic psychology.
650 _aPsychology
700 _a Ilona Roth;
942 _cBK